| 000 | 01052cam a2200217 4500 | ||
|---|---|---|---|
| 001 | WB4005-02 | ||
| 008 | 040204n2004 000 0 eng u | ||
| 035 | _a(Sirsi) u125032 | ||
| 245 | _aCommunity heating schemes | ||
| 260 | _c2004 | ||
| 490 |
_aDEFRA News Release _v(33/04) 3 February 2004, (2) |
||
| 520 | _aThe government has issued more funds under its Community Energy programme. A further £6million has been added to the £22million previously awarded. These grants will help reduce energy bills and greenhouse gases and reduce and fuel poverty. The combined projects are expected to cut carbon emissions by almost 4 000 tonnes a year. One scheme will see the first extraction of minewater heat on a large scale in Scotland. http://www.defra.gov.uk/news/2004/04020a.htm | ||
| 590 | _aWB | ||
| 590 | _aWB | ||
| 650 | _aCOMMUNITY ENERGY PROGRAMME | ||
| 650 | _aRENEWABLE ENERGY SOURCES | ||
| 650 | _aCARBON EMISSIONS | ||
| 650 | _aCOMMUNITY HEATING SYSTEMS | ||
| 690 | _aBUILDING AND CONSTRUCTION-ENERGY MANAGEMENT | ||
| 942 | _n0 | ||
| 999 |
_c117001 _d117001 |
||